[Event "Erbil Khanzad Cup 11th"]
[Site "Erbil"]
[Date "2018.06.01"]
[Round "5"]
[White "Baktiar, Hamd Mohammed"]
[Black "Shahram, Hayder Faiaq"]
[Result "1-0"]
[WhiteElo "1897"]
[BlackElo "1302"]
[PlyCount "120"]
[EventDate "2018.05.31"]
[EventType "swiss"]
[EventRounds "7"]
[EventCountry "IRQ"]
[SourceTitle "EXT 2019"]
[Source "ChessBase"]
[SourceDate "2018.10.10"]
[SourceVersion "1"]
[SourceVersionDate "2018.10.10"]
[SourceQuality "1"]

1. e4 e5 2. Nf3 Nc6 3. Nc3 Nf6 4. Nxe5 d6 5. Nxc6 bxc6 6. d4 Be7 7. Bd3 a6 8. Bg5 0-0 9. Qd2 d5 10. e5 Nd7 11. h4 f6 12. f4 fxe5 13. fxe5 Nb6 14. 0-0-0 a5 15. Qe2 Qd7 16. Qh5 h6 17. Bxh6 Qg4 18. Qxg4 Bxg4 19. Bg5 Bxg5+ 20. hxg5 Bxd1 21. Nxd1 Kf7 22. Ne3 Nc4 23. Nxc4 dxc4 24. Bxc4+ Kg6 25. Bd3+ Kxg5 26. Rh7 Kf4 27. Kd2 g5 28. Rxc7 Rac8 29. Ra7 Ra8 30. Rg7 c5 31. dxc5 Kxe5 32. Rxg5+ Kf6 33. Rf5+ Ke7 34. Rxf8 Rxf8 35. Be4 Rb8 36. Kc3 Rb4 37. Bd5 Rb5 38. Be4 Rxc5+ 39. Kd4 Kd6 40. g4 a4 41. c4 Rg5 42. Bf5 Rg8 43. c5+ Kc6 44. Kc4 Rb8 45. b4 Re8 46. b5+ Kb7 47. Kb4 Re2 48. a3 Re5 49. Kxa4 Rxc5 50. Kb4 Kb6 51. a4 Rd5 52. a5+ Ka7 53. b6+ Kb8 54. a6 Rd2 55. a7+ Kb7 56. Bc8+ Ka8 57. Bf5 Rb2+ 58. Kc5 Re2 59. Kd4 Rd2+ 60. Ke3 Rc2 1-0